KOHA-Header-6

Lippincott's Illustrated Reviews Microbiology (Record no. 2282)

000 -LEADER
fixed length control field 00326nam a2200121Ia 4500
008 - FIXED-LENGTH DATA ELEMENTS--GENERAL INFORMATION
fixed length control field 190802s9999 xx 000 0 und d
020 ## - INTERNATIONAL STANDARD BOOK NUMBER
International Standard Book Number 13:978-81-8473-577-2
100 ## - MAIN ENTRY--PERSONAL NAME
Personal name Richard A.Harvey
245 #0 - TITLE STATEMENT
Title Lippincott's Illustrated Reviews Microbiology
260 ## - PUBLICATION, DISTRIBUTION, ETC. (IMPRINT)
Place of publication, distribution, etc India
Name of publisher, distributor, etc Wolters Kluwer
Date of publication, distribution, etc 2014
300 ## - PHYSICAL DESCRIPTION
Extent 438:p
942 ## - ADDED ENTRY ELEMENTS (KOHA)
Koha item type Books
Holdings
Withdrawn status Lost status Damaged status Not for loan Permanent Location Current Location Shelving location Date acquired Total Checkouts Total Renewals Full call number Barcode Date last seen Date checked out Price effective from Koha item type
        MAJU MAJU Shelf No.A36 2019-08-03 1 2 579 8905 2023-02-27 2022-09-30 2019-08-03 Bio Science

Powered by Koha